| 000 | 00610cam a22002053a 4500 | ||
|---|---|---|---|
| 001 | 39944 | ||
| 003 | PGUSA | ||
| 005 | 20140828083906.0 | ||
| 008 | 120608s2012||||xxu|||||s|||||000 | eng d | ||
| 040 |
_aPGUSA _beng |
||
| 042 | _adc | ||
| 100 | 1 |
_aFern, Fanny, _d1811-1872 |
|
| 245 | 1 | 0 |
_aCaper-Sauce : _bA Volume of Chit-Chat about Men, Women, and Things. _h[electronic resource] / _cFanny Fern |
| 260 |
_bProject Gutenberg, _c2012 |
||
| 506 | _aPublic domain in the USA. | ||
| 516 | _aElectronic text | ||
| 830 | 0 |
_aProject Gutenberg _v39944 |
|
| 856 | 4 | 0 | _uhttp://www.gutenberg.org/ebooks/39944 |
| 942 | _cEB | ||
| 999 |
_c269197 _d269197 |
||